01346nam a22002897a 4500003000900000005001700009007000300026008004100029040002500070082001600095100003600111245028300147260003700430300003300467500003700500504002800537590002700565700003300592700003800625700004000663700004800703910001400751942001400765952012700779952013300906999001701039DO-SdBNP20220721103629.0ta110301s2013 dr ac 000 0 spa d aDO-SdBNPbspacBNPHU 4axxxxbC335m1 aCasares García, Raquel95301810aMujeres y niñas en contexto de desastres :btres estudios de caso sobre vulnerabilidad y capacidades en la República Dominicana /cRaquel Casares García ; prólogo Sharon Goulds, Rosa Cañete Alonso ; equipo de investigación Magaly González, Rosmery de la Cruz Suazo a[Santo Domingo] :bOXFAM,c2013. a59 p. :bil., retr. c28 cm. aIncluye notas a pie de paginas.  aBibliografía p: 54-55 aInventariado, 2022/ YL12aGoulds, Sharoneprol.98206312aCañete Alonso, Rosaeprol.918512aGonzález, Magalyeeq. inv.98206412aCruz Suazo, Rosmery de la eeq. inv.982065 aYLockward 2ddccLBS1 00102ddc51708PDaBNPHUbBNPHUcCTd2018-02-19eAmigo del Hogarl0oxxxx C335mp2022-3521r2022-07-21w2022-07-21yLBS1 00102ddc51708PDaBNPHUbBNPHUcCTd2018-02-19eAmigo del Hogarl0oxxxx C335mp2022-3522r2022-07-21te. 2w2022-07-21yLBS1 c52210d52210